[Event "World Youth Open U18 2016"]
[Site "Khanty-Mansiysk RUS"]
[Date "2016.10.03"]
[Round "11.3"]
[White "Lorparizangeneh, Shahin"]
[Black "Sanal, Vahap"]
[Result "1-0"]
[WhiteTitle "IM"]
[BlackTitle "IM"]
[WhiteElo "2478"]
[BlackElo "2477"]
[WhiteFideId "12521604"]
[BlackFideId "6300545"]
[EventDate "2016.09.22"]

1. Nf3 Nf6 2. g3 b6 3. Bg2 Bb7 4. c4 e6 5. O-O Be7 6. Nc3 O-O 7. Re1 c5 8. e4 d6
9. d4 cxd4 10. Nxd4 Qc7 11. Ndb5 Qc6 12. Be3 a6 13. Nd4 Qc7 14. Rc1 Nbd7 15. f4
Rfe8 16. g4 Nc5 17. Bf2 e5 18. Nf5 Bf8 19. b4 Ncd7 20. g5 g6 21. gxf6 gxf5 22.
exf5 Bxg2 23. Kxg2 Qb7+ 24. Qf3 Qxf3+ 25. Kxf3 Nxf6 26. Bh4 e4+ 27. Nxe4 Nxe4
28. Rxe4 h6 29. Bf2 b5 30. c5 Rec8 31. c6 a5 32. a4 Rab8 33. Ba7 Ra8 34. axb5 d5
35. Re5 Rxa7 36. b6 1-0

[Event "World Youth Open U18 2016"]
[Site "Khanty-Mansiysk RUS"]
[Date "2016.10.03"]
[Round "11.4"]
[White "Kollars, Dmitrij"]
[Black "Toma, Radu-Cristian"]
[Result "1-0"]
[WhiteTitle "IM"]
[WhiteElo "2491"]
[BlackElo "2343"]
[WhiteFideId "12909572"]
[BlackFideId "1217992"]
[EventDate "2016.09.22"]

1. e4 c5 2. Nf3 Nc6 3. d4 cxd4 4. Nxd4 g6 5. Nc3 Bg7 6. Be3 Nf6 7. Bc4 Qa5 8.
O-O d6 9. h3 O-O 10. Bb3 Bd7 11. Re1 Rac8 12. Nf3 Rfe8 13. Qe2 Qc7 14. Bg5 Na5
15. Bxf6 exf6 16. Qd2 Nxb3 17. axb3 f5 18. exf5 Rxe1+ 19. Nxe1 Bxc3 20. bxc3
Bxf5 21. c4 a6 22. Rd1 b5 23. cxb5 axb5 24. Qxd6 Qxd6 25. Rxd6 Bxc2 26. Nxc2
Rxc2 27. Rd5 Rc1+ 28. Kh2 Rc2 29. f3 h5 30. h4 Rb2 31. Rxb5 Kg7 32. Rb7 Kf6 33.
b4 Ke6 34. b5 Kf6 35. b6 Ke6 36. Kh3 Rb3 37. Kg3 Rb4 38. Rb8 Kf6 39. Kh3 Rb3 40.
Kh2 Kg7 41. Rb7 Kf6 42. Kg1 Rb2 43. Kf1 Rb4 44. g3 Rb3 45. Ke2 Ke6 46. Rb8 Kf5
47. Rb7 Ke6 48. Kf2 Kf6 49. Rb8 Ke6 50. g4 hxg4 51. fxg4 Kf6 52. Ke2 Rb4 53. Kf3
Kg7 54. Rb7 Kg8 55. g5 Kg7 56. Ke3 Rxh4 57. Rc7 Rb4 58. b7 Rb1 59. Kd4 Rd1+ 1-0

[Event "World Youth Open U18 2016"]
[Site "Khanty-Mansiysk RUS"]
[Date "2016.10.03"]
[Round "11.5"]
[White "Dragnev, Valentin"]
[Black "Kalogeris, Ioannis"]
[Result "1-0"]
[WhiteTitle "IM"]
[WhiteElo "2430"]
[BlackElo "2271"]
[WhiteFideId "1634852"]
[BlackFideId "4239563"]
[EventDate "2016.09.22"]

1. e4 d6 2. d4 Nf6 3. Nc3 e5 4. Nf3 Nbd7 5. a4 exd4 6. Nxd4 g6 7. Bc4 Bg7 8. O-O
O-O 9. Re1 Re8 10. Bg5 c6 11. a5 h6 12. Bh4 Qc7 13. Nb3 Nh5 14. Bf1 Ne5 15. f3
g5 16. Bf2 Qe7 17. Qd2 Qf6 18. Be3 Bd7 19. Rad1 Bf8 20. Qf2 a6 21. Na4 Rad8 22.
Nb6 Be6 23. Nd4 Qg6 24. Nxe6 fxe6 25. Nc4 Nxc4 26. Bxc4 Bg7 27. Bb6 Rd7 28. e5
d5 29. Bd3 Qf7 30. g3 Bf8 31. c3 Be7 32. b4 Rc8 33. Bc2 Ng7 34. g4 Rf8 35. Rf1
Ne8 36. Qd2 Qg7 37. Qd3 Nc7 38. Rf2 Bd8 39. Rdf1 Rdf7 40. Be3 Nb5 41. c4 dxc4
42. Qxc4 Qxe5 43. Qd3 Qg7 44. Bb3 Nc7 45. Qe4 Kh8 46. f4 Nd5 47. fxg5 Rxf2 48.
Rxf2 Rxf2 49. Bxf2 Bxg5 50. h4 Bf4 51. Qxe6 Qa1+ 52. Kg2 Nf6 53. Qc8+ Kg7 54.
Qxb7+ Kh8 55. Qxc6 Qb2 56. Qc8+ Kg7 57. Qb7+ Kh8 58. Qf7 Bd2 59. Qf8+ Kh7 60.
Be6 1-0

[Event "World Youth Open U18 2016"]
[Site "Khanty-Mansiysk RUS"]
[Date "2016.10.03"]
[Round "11.6"]
[White "Plenca, Jadranko"]
[Black "Mousavi, Seyed Khalil"]
[Result "0-1"]
[WhiteTitle "FM"]
[BlackTitle "IM"]
[WhiteElo "2396"]
[BlackElo "2412"]
[WhiteFideId "14527146"]
[BlackFideId "12511099"]
[EventDate "2016.09.22"]

1. e4 c5 2. Nf3 e6 3. c4 Nc6 4. d4 cxd4 5. Nxd4 Nf6 6. Nc3 Bb4 7. Nxc6 bxc6 8.
Bd3 e5 9. O-O O-O 10. Qf3 Re8 11. Bg5 Be7 12. Rac1 d6 13. Bxf6 Bxf6 14. c5 Be6
15. b3 Bg5 16. Rc2 d5 17. exd5 cxd5 18. Bf5 e4 19. Qg4 h5 20. Qh3 g6 21. Bxe6
Rxe6 22. Nb5 d4 23. Qg3 d3 24. Rc4 d2 25. Rd4 Qf6 26. Qc3 Qe5 27. Rd7 a6 28.
Qxe5 Rxe5 29. Nc3 e3 30. fxe3 Bxe3+ 31. Kh1 Rxc5 32. Nd1 Bh6 33. Rdxf7 Re8 34.
Rd7 Rf5 35. Rg1 Re1 0-1

[Event "World Youth Open U18 2016"]
[Site "Khanty-Mansiysk RUS"]
[Date "2016.10.03"]
[Round "11.7"]
[White "Jarmula, Lukasz"]
[Black "Huber, Martin Christian"]
[Result "1-0"]
[WhiteTitle "IM"]
[BlackTitle "FM"]
[WhiteElo "2466"]
[BlackElo "2356"]
[WhiteFideId "1160664"]
[BlackFideId "1623435"]
[EventDate "2016.09.22"]

1. e4 e6 2. d4 d5 3. Nd2 c5 4. Ngf3 cxd4 5. Nxd4 Nf6 6. exd5 Nxd5 7. Bb5+ Nd7 8.
O-O a6 9. Be2 Nf4 10. Bf3 Ne5 11. N2b3 Nxf3+ 12. Qxf3 Ng6 13. Rd1 Qc7 14. Bd2
Bd6 15. Ba5 Ne5 16. Qe4 Qe7 17. f4 Nd7 18. Nc6 bxc6 19. Qxc6 Rb8 20. Qxd6 Qxd6
21. Rxd6 O-O 22. c4 Nf6 23. Rad1 Ne4 24. Rb6 Rxb6 25. Bxb6 f6 26. Na5 e5 27.
fxe5 fxe5 28. Nc6 Bg4 29. Re1 1-0

[Event "World Youth Open U18 2016"]
[Site "Khanty-Mansiysk RUS"]
[Date "2016.10.03"]
[Round "11.8"]
[White "Hakobyan, Aram"]
[Black "Timerkhanov, Alexander"]
[Result "0-1"]
[WhiteTitle "FM"]
[BlackTitle "FM"]
[WhiteElo "2417"]
[BlackElo "2340"]
[WhiteFideId "13306677"]
[BlackFideId "24177938"]
[EventDate "2016.09.22"]

1. e4 c5 2. Nf3 d6 3. d4 cxd4 4. Nxd4 Nf6 5. Nc3 a6 6. Bg5 Nbd7 7. Bc4 e6 8. O-O
Qc7 9. Bb3 h6 10. Bh4 b5 11. Bxe6 fxe6 12. Nxe6 Qc4 13. Nd5 Kf7 14. Nd8+ Kg8 15.
Bxf6 Nxf6 16. Nb6 Qc7 17. Nxa8 Qxd8 18. e5 Bb7 19. exf6 Bxa8 20. fxg7 Bxg7 21.
Re1 Bc6 22. Qg4 Qd7 23. Qxd7 Bxd7 24. Re7 Bf5 25. c3 Kh7 26. Rd1 Rd8 27. Ra7 b4
28. c4 Re8 29. Kf1 Kg8 30. b3 Be5 31. Rxa6 Bc2 32. Rd5 Be4 33. Rd1 Bc2 34. Rd5
Be4 35. Rda5 Bd4 36. h4 Bc5 37. Rb5 Kg7 38. h5 Re5 39. Kg1 Rf5 40. Kh2 Rxf2 41.
Kg3 Rxg2+ 42. Kf4 Re2 43. a3 bxa3 44. b4 Bg1 45. Rxa3 Bh2+ 46. Kg4 Be5 47. Rb8
Rg2+ 48. Kh3 Rh2+ 49. Kg4 Kf6 50. Rf8+ Ke7 51. Rb8 Ke6 52. Re8+ Kd7 53. Rf8 Rg2+
54. Kh4 Ke7 55. Rb8 Bf5 56. Rb7+ Kf6 0-1

[Event "World Youth Open U18 2016"]
[Site "Khanty-Mansiysk RUS"]
[Date "2016.10.03"]
[Round "11.9"]
[White "Escalante Ramirez, Brian Sebasti"]
[Black "Rahman, Adel"]
[Result "1-0"]
[WhiteTitle "FM"]
[BlackTitle "FM"]
[WhiteElo "2302"]
[BlackElo "2324"]
[WhiteFideId "3819566"]
[BlackFideId "14204177"]
[EventDate "2016.09.22"]

1. e4 c5 2. Nf3 d6 3. d4 cxd4 4. Nxd4 Nf6 5. Nc3 a6 6. Be3 e5 7. Nf3 Qc7 8. a4
Be7 9. Qd3 Nc6 10. O-O-O O-O 11. Nd5 Nxd5 12. exd5 Nb4 13. Qc4 Qxc4 14. Bxc4 Bf5
15. Ne1 Rfc8 16. Bb3 b5 17. a5 Bd8 18. c3 e4 19. Kd2 Nd3 20. Nxd3 exd3 21. Ra1
Bf6 22. Rab1 Re8 23. Rhe1 Rac8 24. g3 h6 25. f3 h5 26. h4 Be5 27. Bf4 f6 28.
Bxe5 fxe5 29. Re3 Rc5 30. Rc1 Rb8 31. Ra1 Kf7 32. g4 hxg4 33. fxg4 Bxg4 34. Rf1+
Kg8 35. Rxd3 b4 36. c4 Rf8 37. Rg1 Bf5 38. Rdg3 Rf7 39. Ra1 Kh7 40. Ra4 Rb7 41.
Rg5 g6 42. Ra1 Kh6 43. Ke3 Rbc7 44. Rgg1 Rf7 45. Ra4 Rb7 46. Raa1 1-0

[Event "World Youth Open U18 2016"]
[Site "Khanty-Mansiysk RUS"]
[Date "2016.10.03"]
[Round "11.10"]
[White "Song, Michael"]
[Black "Christiansen, Johan-Sebastian"]
[Result "0-1"]
[WhiteTitle "FM"]
[BlackTitle "IM"]
[WhiteElo "2413"]
[BlackElo "2413"]
[WhiteFideId "2613190"]
[BlackFideId "1512668"]
[EventDate "2016.09.22"]

1. f4 Nf6 2. Nf3 d5 3. g3 c6 4. Bg2 Qb6 5. a4 a5 6. e3 g6 7. O-O Bg7 8. d3 O-O
9. Qe1 Nbd7 10. Kh1 Re8 11. d4 Ne4 12. Nbd2 Ndf6 13. Nh4 Bd7 14. Ndf3 c5 15. Qd1
Bg4 16. Qe1 Rec8 17. c3 Qa6 18. h3 Bxf3 19. Rxf3 b5 20. Bf1 c4 21. axb5 Qxb5 22.
Be2 a4 23. Bd1 Ra7 24. Rf1 Bf8 25. Nf3 e6 26. g4 Rca8 27. g5 Nh5 28. Rg1 a3 29.
bxa3 Bxa3 30. Bc2 Bxc1 31. Rxc1 Ra2 32. Rb1 Qa5 33. Bxe4 dxe4 34. Ne5 Rc2 35.
Ra1 Qxa1 36. Qxa1 Ng3+ 0-1

[Event "World Youth Open U18 2016"]
[Site "Khanty-Mansiysk RUS"]
[Date "2016.10.03"]
[Round "11.11"]
[White "Vogel, Roven"]
[Black "Kandil, Adham"]
[Result "0-1"]
[WhiteTitle "IM"]
[BlackTitle "IM"]
[WhiteElo "2415"]
[BlackElo "2277"]
[WhiteFideId "12908088"]
[BlackFideId "10618490"]
[EventDate "2016.09.22"]

1. e4 c5 2. b3 d6 3. Bb2 e5 4. Bc4 Nc6 5. Nc3 a6 6. a4 Nf6 7. d3 Be7 8. Nge2 O-O
9. f4 Ng4 10. Qd2 exf4 11. Nxf4 Bh4+ 12. g3 Nd4 13. O-O-O Bg5 14. Rdf1 Bd7 15.
h4 Bh6 16. Nce2 Nxe2+ 17. Qxe2 b5 18. Bd5 Ra7 19. Bc3 Qc8 20. a5 b4 21. Bb2 Qd8
22. Kb1 Qxa5 23. Nh3 Ne3 24. Rxf7 Nxd5 25. Rxf8+ Kxf8 26. exd5 Bxh3 27. Rxh3 Re7
28. Qd1 Qd8 29. Rh1 Qe8 30. d4 cxd4 31. Bxd4 a5 32. g4 Bf4 33. Qf1 Rf7 34. Qa6
Kg8 35. Qxa5 Qe4 36. Rd1 Qe2 37. Rg1 Bh2 38. Qd8+ Rf8 39. Qg5 g6 40. Qh6 Rf7 41.
Rh1 Bf4 42. g5 Rc7 43. h5 Qxc2+ 44. Ka1 Ra7+ 45. Bxa7 Be5+ 0-1

[Event "World Youth Open U18 2016"]
[Site "Khanty-Mansiysk RUS"]
[Date "2016.10.03"]
[Round "11.12"]
[White "Zakaryan, David"]
[Black "Khodashenas, Mersad"]
[Result "0-1"]
[WhiteTitle "FM"]
[WhiteElo "2377"]
[BlackElo "2394"]
[WhiteFideId "24101923"]
[BlackFideId "12514195"]
[EventDate "2016.09.22"]

1. d4 Nf6 2. c4 e6 3. Nf3 b6 4. g3 Ba6 5. Nbd2 Bb7 6. Bg2 c5 7. e4 cxd4 8. O-O
d6 9. Nxd4 Nbd7 10. Re1 Qc7 11. Nb5 Qb8 12. Nb3 a6 13. Nc3 Be7 14. a4 Qc7 15. a5
Rc8 16. Bf4 O-O 17. axb6 Qxb6 18. Be3 Qc7 19. Na5 Ba8 20. b4 Ne5 21. Na4 Rb8 22.
Qb1 Nc6 23. Nxc6 Bxc6 24. Nc3 Bb7 25. Rc1 Ng4 26. Bd2 Ne5 27. c5 dxc5 28. Na4 c4
29. f4 Ng4 30. h3 Rfd8 31. Qa2 Bxe4 32. hxg4 Qa7+ 33. Kh2 Bxg2 34. Kxg2 Qb7+ 35.
Kh3 h5 36. Be3 hxg4+ 37. Kh2 Rd3 38. Qf2 Qe4 39. Re1 Bxb4 40. Re2 Rbd8 41. Nb2
Bc3 42. Rae1 Bxe1 43. Rxe1 R8d5 44. Kg1 Rb3 45. Ba7 Qxe1+ 46. Qxe1 Rxb2 47. Bf2
c3 48. Qxc3 Rd1+ 49. Kg2 Rdd2 50. Qc8+ Kh7 51. Qxa6 Rxf2+ 52. Kg1 Rfc2 53. Qd3+
Kh6 54. Qf1 Rg2+ 55. Kh1 Rh2+ 56. Kg1 Rbg2+ 57. Qxg2 Rxg2+ 58. Kxg2 g5 0-1

[Event "World Youth Open U18 2016"]
[Site "Khanty-Mansiysk RUS"]
[Date "2016.10.03"]
[Round "11.13"]
[White "Marek, Matyas"]
[Black "Urazayev, Arystanbek"]
[Result "1-0"]
[WhiteTitle "FM"]
[BlackTitle "CM"]
[WhiteElo "2381"]
[BlackElo "2377"]
[WhiteFideId "335398"]
[BlackFideId "13709810"]
[EventDate "2016.09.22"]

1. d4 Nf6 2. Nc3 e6 3. e4 d5 4. e5 Nfd7 5. Nce2 c5 6. f4 Nc6 7. c3 Be7 8. Nf3 f6
9. a3 a5 10. g3 O-O 11. Bh3 Nb6 12. exf6 gxf6 13. O-O a4 14. f5 e5 15. Bh6 Rf7
16. Qc1 cxd4 17. cxd4 1-0

[Event "World Youth Open U18 2016"]
[Site "Khanty-Mansiysk RUS"]
[Date "2016.10.03"]
[Round "11.14"]
[White "Erenberg, Ariel"]
[Black "Bayramov, Zaur"]
[Result "1-0"]
[WhiteTitle "FM"]
[WhiteElo "2350"]
[BlackElo "2297"]
[WhiteFideId "2811634"]
[BlackFideId "13405080"]
[EventDate "2016.09.22"]

1. d4 Nf6 2. c4 e6 3. Nf3 Bb4+ 4. Nbd2 Nc6 5. Qc2 d5 6. a3 Be7 7. e3 O-O 8. Bd3
h6 9. b3 Na5 10. c5 Nc6 11. b4 a6 12. O-O Nd7 13. Bb2 f5 14. Ne5 Ncxe5 15. dxe5
c6 16. Nb3 g6 17. f4 h5 18. Rfc1 Re8 19. Bd4 Bf8 20. a4 Qc7 21. Qc3 g5 22. Qe1
Bg7 23. b5 Nxe5 24. fxe5 Bxe5 25. Bxe5 Qxe5 26. bxc6 bxc6 27. Nd4 f4 28. Nxc6
Qc7 29. Nb4 a5 30. Bb5 Rf8 31. Nd3 e5 32. exf4 e4 33. Ne5 gxf4 34. Qc3 Rf5 35.
Ng6 1-0

[Event "World Youth Open U18 2016"]
[Site "Khanty-Mansiysk RUS"]
[Date "2016.10.03"]
[Round "11.15"]
[White "Krishna Teja, N"]
[Black "Wu, Christopher"]
[Result "1/2-1/2"]
[WhiteTitle "IM"]
[BlackTitle "FM"]
[WhiteElo "2268"]
[BlackElo "2377"]
[WhiteFideId "5001498"]
[BlackFideId "2040875"]
[EventDate "2016.09.22"]

1. Nf3 d5 2. c4 c6 3. e3 Nf6 4. d4 Bf5 5. cxd5 cxd5 6. Nc3 e6 7. Ne5 Nfd7 8.
Nxd7 Qxd7 9. Bd3 Bg6 10. Bxg6 hxg6 11. Bd2 Nc6 12. Rc1 Rc8 13. O-O Bd6 14. h3 f5
15. f4 O-O 16. g4 b6 17. Nb5 Be7 18. g5 a6 19. Nc3 b5 20. Nb1 Na7 21. Qe2 Rxc1
22. Rxc1 Rc8 23. Qd1 Kf7 24. Rxc8 Nxc8 25. Qc1 Na7 26. Ba5 Qc8 27. Qxc8 Nxc8 28.
a3 Ke8 1/2-1/2

[Event "World Youth Open U18 2016"]
[Site "Khanty-Mansiysk RUS"]
[Date "2016.10.03"]
[Round "11.16"]
[White "Rajdeep, Sarkar"]
[Black "Vaishali, R"]
[Result "1-0"]
[WhiteTitle "FM"]
[BlackTitle "WIM"]
[WhiteElo "2347"]
[BlackElo "2295"]
[WhiteFideId "25007963"]
[BlackFideId "5091756"]
[EventDate "2016.09.22"]

1. Nf3 Nf6 2. g3 g6 3. Bg2 Bg7 4. O-O O-O 5. d4 d6 6. c4 Nbd7 7. Nc3 e5 8. e4
exd4 9. Nxd4 Re8 10. h3 a5 11. Rb1 Nc5 12. Re1 c6 13. b3 Qb6 14. Be3 Bd7 15. Qc2
Rad8 16. a3 Qc7 17. Rbd1 Qc8 18. Kh2 Re5 19. g4 b5 20. Bf4 b4 21. axb4 axb4 22.
Na2 Ree8 23. f3 Nb7 24. Qd2 c5 25. Ne2 Be6 26. Bh6 Bh8 27. Ng3 Na5 28. Nc1 Nc6
29. Bg5 Qc7 30. Qf4 Qe7 31. Nce2 Ne5 32. Qd2 Qc7 33. f4 Nc6 34. Ng1 h6 35. Bh4
Nh7 36. Bxd8 Qxd8 37. f5 Bc8 38. fxg6 fxg6 39. Qd5+ Be6 40. Qxc6 Be5 1-0

[Event "World Youth Open U18 2016"]
[Site "Khanty-Mansiysk RUS"]
[Date "2016.10.03"]
[Round "11.17"]
[White "Gretz, Denis"]
[Black "Patrascu, Catalin-Lucian"]
[Result "1-0"]
[BlackTitle "FM"]
[WhiteElo "2339"]
[BlackElo "2263"]
[WhiteFideId "12945188"]
[BlackFideId "1229052"]
[EventDate "2016.09.22"]

1. e4 e6 2. d4 d5 3. Nc3 Bb4 4. e5 c5 5. a3 Bxc3+ 6. bxc3 Qc7 7. Qg4 f5 8. Qg3
cxd4 9. cxd4 Ne7 10. Ne2 O-O 11. c3 b6 12. Nf4 Qd7 13. a4 Ba6 14. Bb5 Nec6 15.
h4 Bxb5 16. axb5 Na5 17. h5 Nb3 18. h6 Rf7 19. Rb1 Nxc1 20. Rxc1 g6 21. c4 dxc4
22. Qf3 Qb7 23. Qxb7 Rxb7 24. Rxc4 Nd7 25. Nxe6 Re8 26. Ng5 Nf6 27. Kd2 Nd5 28.
Ra1 Rd7 1-0

[Event "World Youth Open U18 2016"]
[Site "Khanty-Mansiysk RUS"]
[Date "2016.10.03"]
[Round "11.18"]
[White "Georgiev, Todor"]
[Black "Rajkovic, Mladen"]
[Result "1-0"]
[WhiteElo "2197"]
[BlackElo "2275"]
[WhiteFideId "2916088"]
[BlackFideId "930660"]
[EventDate "2016.09.22"]

1. d4 Nf6 2. c4 g6 3. Nc3 d5 4. Nf3 Bg7 5. Qb3 dxc4 6. Qxc4 O-O 7. e4 a6 8. Be2
b5 9. Qb3 Bb7 10. e5 Nfd7 11. e6 fxe6 12. Ng5 Nb6 13. Qxe6+ Kh8 14. Qh3 h6 15.
Nf3 Qd7 16. Qh4 b4 17. Ne4 Bxe4 18. Qxe4 Qf5 19. Qh4 h5 20. g4 Qxg4 21. Rg1 Qxh4
22. Nxh4 Nc6 23. Nxg6+ Kg8 24. Be3 Rf5 25. Rc1 Nxd4 26. Bxd4 Rf7 27. Bxg7 Rxg7
28. Nxe7+ 1-0

[Event "World Youth Open U18 2016"]
[Site "Khanty-Mansiysk RUS"]
[Date "2016.10.03"]
[Round "11.19"]
[White "Thybo, Jesper Sondergaard"]
[Black "Akhvlediani, Irakli"]
[Result "0-1"]
[WhiteTitle "FM"]
[WhiteElo "2358"]
[BlackElo "2205"]
[WhiteFideId "1438832"]
[BlackFideId "13601938"]
[EventDate "2016.09.22"]

1. e4 c6 2. d4 d5 3. e5 c5 4. dxc5 e6 5. Be3 Qc7 6. c4 Bxc5 7. Bxc5 Qxc5 8. cxd5
exd5 9. Nf3 Nc6 10. Nc3 Nge7 11. Bb5 O-O 12. Bxc6 Nxc6 13. O-O Bg4 14. Re1 d4
15. Ne4 Qd5 16. Ned2 Rfe8 17. Qa4 Rac8 18. h3 Bxf3 19. Nxf3 Nxe5 20. Nxe5 Rxe5
21. Qxa7 d3 22. Qb6 Rxe1+ 23. Rxe1 d2 24. Rd1 h5 25. Qb3 Qe5 26. Qc3 Qe2 27. Qf3
Qe1+ 28. Kh2 Qe5+ 29. g3 h4 30. b4 hxg3+ 31. Qxg3 Qe2 0-1

[Event "World Youth Open U18 2016"]
[Site "Khanty-Mansiysk RUS"]
[Date "2016.10.03"]
[Round "11.20"]
[White "Saiyn, Zhanat"]
[Black "Yang, Ching Wei Austin"]
[Result "1/2-1/2"]
[WhiteTitle "IM"]
[BlackTitle "FM"]
[WhiteElo "2405"]
[BlackElo "1997"]
[WhiteFideId "13703820"]
[BlackFideId "16300440"]
[EventDate "2016.09.22"]

1. g3 Nf6 2. Bg2 d5 3. d3 e5 4. Nd2 Bc5 5. e3 O-O 6. Ne2 c6 7. b3 Re8 8. Bb2
Nbd7 9. O-O Nf8 10. c4 Ng6 11. cxd5 Nxd5 12. Qc2 Bf8 13. a3 Bg4 14. Rfe1 h5 15.
h3 Bd7 16. e4 Nb6 17. h4 Qc7 18. Bf3 Bg4 19. Bxg4 hxg4 20. Nf1 Nd7 21. Nh2 Nf6
22. Bc1 Qd7 23. Bg5 Be7 24. Nc3 Nh7 25. Be3 Ngf8 26. Qe2 Nf6 27. Red1 c5 28.
Rab1 Rac8 29. h5 Red8 30. h6 g6 31. a4 a5 32. Kg2 Qe6 33. f3 gxf3+ 34. Qxf3 Rd7
35. Rd2 Rcd8 36. Bg5 N8h7 37. Bxf6 Bxf6 38. Nd5 Bg5 39. Rc2 b6 40. g4 Bxh6 41.
Qh3 Bg7 42. Nf3 Nf6 43. Nxf6+ Bxf6 44. Rh1 Rxd3 45. Rf2 Rxb3 46. Ng5 Rxh3 47.
Nxe6 Rxh1 48. Nxd8 Rd1 49. Rxf6 Rxd8 50. Rxb6 Rd4 51. Kf3 Rxa4 52. Rb5 Ra3+ 53.
Kf2 Kg7 54. g5 f5 55. Rxc5 fxe4 56. Ke2 Rf3 57. Rxa5 Rf5 58. Ra7+ Kg8 59. Ra8+
Kf7 60. Ra7+ Kg8 61. Ra8+ Kg7 62. Ra7+ 1/2-1/2

[Event "World Youth Open U18 2016"]
[Site "Khanty-Mansiysk RUS"]
[Date "2016.10.03"]
[Round "11.21"]
[White "Meunier, Clement2"]
[Black "Petrovskis, Olegs"]
[Result "1-0"]
[WhiteTitle "FM"]
[WhiteElo "2290"]
[BlackElo "2159"]
[WhiteFideId "20667930"]
[BlackFideId "11603186"]
[EventDate "2016.09.22"]

1. e4 c5 2. Nf3 d6 3. d4 cxd4 4. Nxd4 Nf6 5. Nc3 a6 6. Bg5 e6 7. f4 Be7 8. Qf3
Qc7 9. O-O-O Nbd7 10. g4 h6 11. Bxf6 Bxf6 12. h4 Nc5 13. g5 Bxd4 14. Rxd4 Bd7
15. f5 Bc6 16. b4 e5 17. Rd2 Na4 18. Nxa4 Bxa4 19. f6 g6 20. h5 gxh5 21. gxh6
O-O-O 22. Rxh5 Rhg8 23. Qe3 Kb8 24. Kb2 Bd7 25. Bh3 Qc4 26. a3 Bxh3 27. Rxh3 Rc8
28. Rg3 Qe6 29. Qd3 1-0

[Event "World Youth Open U18 2016"]
[Site "Khanty-Mansiysk RUS"]
[Date "2016.10.03"]
[Round "11.22"]
[White "Kolver, Chris"]
[Black "Krykun, Yuriy"]
[Result "0-1"]
[WhiteTitle "CM"]
[BlackTitle "FM"]
[WhiteElo "1991"]
[BlackElo "2242"]
[WhiteFideId "14307820"]
[BlackFideId "14140667"]
[EventDate "2016.09.22"]

1. d4 Nf6 2. c4 c5 3. d5 b5 4. Qc2 bxc4 5. e4 e6 6. Bxc4 exd5 7. exd5 Be7 8. Nc3
O-O 9. Nge2 d6 10. O-O Nbd7 11. Ng3 Nb6 12. b3 Ng4 13. Be2 Bf6 14. Bb2 Bd4 15.
Nce4 Bxb2 16. Qxb2 Nh6 17. Rad1 Nf5 18. Nxf5 Bxf5 19. Ng3 Bg6 20. f4 f5 21. Bf3
Qf6 22. Qxf6 Rxf6 23. Rfe1 Re8 24. Rxe8+ Bxe8 25. Re1 Bd7 26. Nf1 Rf8 27. Ne3
Rb8 28. Rc1 a5 29. a4 Kf7 30. Rc3 Ke7 31. Be2 g6 32. Kf2 Kf6 33. g3 Re8 34. Bf3
Bc8 35. Nc4 Nxc4 36. Rxc4 Bd7 37. Rc3 Rb8 38. Be2 Be8 39. Bc4 Bf7 40. Re3 h6 41.
Ke2 g5 42. h3 gxf4 43. gxf4 h5 44. Kf2 h4 45. Re1 Rg8 46. Rg1 Re8 47. Rg5 Re4
48. Kf3 Rd4 49. Ke3 Bxd5 50. Bxd5 Rxd5 51. Rh5 Rd4 52. Rxh4 Rb4 53. Rh6+ Ke7 54.
Rh7+ Ke6 55. h4 Rxb3+ 56. Kd2 Ra3 57. Rh6+ Kd5 58. Rf6 Rxa4 59. Rxf5+ Kd4 60. h5
Ra2+ 61. Kd1 Rh2 62. Rf6 d5 63. h6 a4 64. Ra6 a3 65. Rxa3 Rxh6 66. Ke2 Rh2+ 67.
Ke1 Ke4 68. Ra5 c4 69. f5 Rh6 70. Kd2 Rf6 71. Kc3 Rxf5 72. Ra8 Rf3+ 73. Kb4 Kd4
74. Rh8 Rb3+ 75. Ka4 Rb1 0-1

[Event "World Youth Open U18 2016"]
[Site "Khanty-Mansiysk RUS"]
[Date "2016.10.03"]
[Round "11.23"]
[White "Nguyen, Hoang Duc"]
[Black "Ding, Tze How Dilwen"]
[Result "1-0"]
[BlackTitle "FM"]
[WhiteElo "1874"]
[BlackElo "2397"]
[WhiteFideId "12403865"]
[BlackFideId "5707641"]
[EventDate "2016.09.22"]

1. e4 c5 2. Nf3 e6 3. d4 cxd4 4. Nxd4 Nc6 5. c4 Nf6 6. Nc3 Bb4 7. f3 O-O 8. Nxc6
bxc6 9. a3 Be7 10. e5 Ne8 11. Bd3 Qb6 12. Qe2 f6 13. Be3 c5 14. Qc2 f5 15. O-O-O
Bb7 16. h4 Qc7 17. Bf4 a6 18. Kb1 Bc6 19. Rh3 Rb8 20. Bh2 Qb7 21. Ka2 Nc7 22.
Rd2 a5 23. g4 Bxf3 24. gxf5 Bg4 25. Rg3 exf5 26. Rxg4 fxg4 27. Bxh7+ Kh8 28. Be4
Qa6 29. Ne2 Ne6 30. Rxd7 Bxh4 31. Rd6 Rb6 32. Bd5 Rxd6 33. exd6 Rf6 34. Qe4 Qc8
35. Qxg4 Rh6 36. Nf4 Bf6 37. d7 Qb8 38. Ng6+ 1-0

[Event "World Youth Open U18 2016"]
[Site "Khanty-Mansiysk RUS"]
[Date "2016.10.03"]
[Round "11.24"]
[White "Khusenkhojaev, Mustafokhuja"]
[Black "Vergara Jofre, Felipe"]
[Result "1/2-1/2"]
[WhiteElo "2212"]
[BlackElo "2115"]
[WhiteFideId "14700727"]
[BlackFideId "3416291"]
[EventDate "2016.09.22"]

1. d4 Nf6 2. Nf3 e6 3. c4 Bb4+ 4. Nbd2 d6 5. g3 Nc6 6. Bg2 a5 7. O-O e5 8. d5
Ne7 9. Ne1 Bc5 10. Nd3 Ba7 11. a3 O-O 12. e4 c6 13. h3 Bd7 14. Re1 cxd5 15. cxd5
Bb5 16. Nf1 Qb6 17. Be3 Qa6 18. Nc1 a4 19. Na2 Rfc8 20. Nc3 Nd7 21. Bxa7 Rxa7
22. Ne3 Nc5 23. Nxb5 Qxb5 24. Bf1 Qa5 25. Nc4 Qc7 26. Nd2 Qa5 27. b4 axb3 28.
Nxb3 Nxb3 29. Qxb3 Rc3 30. Qb4 Qc5 31. Qxc5 Rxc5 32. Rec1 Raa5 33. Rab1 Rxc1 34.
Rxc1 Rc5 35. Rb1 Rc7 36. Rb6 Nc8 37. Rb5 Kf8 38. h4 Ke7 39. Bh3 Kd8 40. a4 Rc1+
41. Kg2 Kc7 42. Bxc8 Kxc8 43. Rb4 h5 44. f3 Rc2+ 45. Kh3 Rc3 46. Kg2 Rc2+ 47.
Kh3 Rf2 48. Rb3 g6 49. g4 Ra2 50. Rb4 Ra3 51. Kg2 f6 52. Kf2 hxg4 53. fxg4 Rh3
54. Rc4+ Kd7 55. Rb4 Kc7 56. Rc4+ Kb8 57. g5 fxg5 58. hxg5 Rh5 59. Rc3 Rxg5 60.
Rf3 Rg4 61. Ke3 g5 62. Rf6 Rg3+ 63. Kf2 Ra3 64. Rxd6 Rxa4 65. Kf3 g4+ 66. Kxg4
Rxe4+ 67. Kf5 Re1 68. Re6 Kc7 69. Rxe5 Rxe5+ 70. Kxe5 b5 71. Ke4 Kd6 72. Kd4 b4
73. Kc4 1/2-1/2